| 000 | 01248nam a2200325Ia 4500 | ||
|---|---|---|---|
| 001 | ebr10233397 | ||
| 003 | CaPaEBR | ||
| 006 | m u | ||
| 007 | cr cn||||||||| | ||
| 008 | 070710s2008 dcu sbs 000 0 eng d | ||
| 020 | _z9780821373996 | ||
| 020 | _z9780821374276 (ebook) | ||
| 040 |
_aCaPaEBR _cCaPaEBR |
||
| 035 | _a(OCoLC)560527780 | ||
| 050 | 1 | 4 |
_aHC59.3 _b.L58 2008eb |
| 245 | 0 | 4 |
_aThe little green data book. _n2008 _h[electronic resource]. |
| 260 |
_aWashington, D.C. : _bWorld Bank, _cc2008. |
||
| 300 | _ax, 232 p. | ||
| 490 | 0 |
_aThe little green data book ; _v2008 |
|
| 504 | _aIncludes bibliographical references. | ||
| 533 |
_aElectronic reproduction. _bPalo Alto, Calif. : _cebrary, _d2009. _nAvailable via World Wide Web. _nAccess may be limited to ebrary affiliated libraries. |
||
| 650 | 0 |
_aEconomic development _y21st century _vStatistics. |
|
| 650 | 0 |
_aEconomic history _y21st century _vStatistics. |
|
| 650 | 0 | _aEconomic indicators. | |
| 650 | 0 |
_aEconomic policy _y21st century. |
|
| 655 | 7 |
_aElectronic books. _2local |
|
| 710 | 2 | _aWorld Bank. | |
| 710 | 2 | _aebrary, Inc. | |
| 856 | 4 | 0 |
_uhttp://site.ebrary.com/lib/rucke/Doc?id=10233397 _zAn electronic book accessible through the World Wide Web; click to view |
| 999 |
_c38113 _d38113 |
||